High school EFL teachers' attitudes towards and practices of writing instruction approaches : Master of education. Program: Principles and methods in English language education

Nghiên cứu nhằm tìm hiểu thái độ của giáo viên phổ thông đối với việc sử dụng các đường hướng dạy viết, việc sử dụng những đường hướng dạy viết trong thực tế giảng dạy và có hay không mối quan hệ giữa thái độ và việc thực hà...

全面介绍

Đã lưu trong:
书目详细资料
主要作者: Phạm, Thu Huyền
格式: 图书
语言:Undetermined
出版: Cần Thơ Trường Đại học Cần Thơ 2017
主题:
标签: 添加标签
没有标签, 成为第一个标记此记录!
Thư viện lưu trữ: Trung tâm Học liệu Trường Đại học Cần Thơ
LEADER 01297nam a2200205Ia 4500
001 CTU_225415
008 210402s9999 xx 000 0 und d
082 |a 428.00712 
082 |b H527 
100 |a Phạm, Thu Huyền 
245 0 |a High school EFL teachers' attitudes towards and practices of writing instruction approaches : 
245 0 |b Master of education. Program: Principles and methods in English language education 
245 0 |c Phạm Thu Huyền ; Nguyễn Thu Hương (Cán bộ hướng dẫn) 
260 |a Cần Thơ 
260 |b Trường Đại học Cần Thơ 
260 |c 2017 
520 |a Nghiên cứu nhằm tìm hiểu thái độ của giáo viên phổ thông đối với việc sử dụng các đường hướng dạy viết, việc sử dụng những đường hướng dạy viết trong thực tế giảng dạy và có hay không mối quan hệ giữa thái độ và việc thực hành của giáo viên trong sử dụng các đường hướng dạy viết. 
650 |a Tiếng Anh,English language 
650 |x Dạy và học (Trung học),Study and teaching (Secondary) 
980 |a Trung tâm Học liệu Trường Đại học Cần Thơ